Opencast coal guidelines (Record no. 1775)
[ view plain ]
| 000 -LEADER | |
|---|---|
| fixed length control field | 01205cab a2200277 4500 |
| 001 - CONTROL NUMBER | |
| control field | ABS37217 |
| 008 - FIXED-LENGTH DATA ELEMENTS--GENERAL INFORMATION | |
| fixed length control field | 090401t1986 xxu||||| |||| 00| 0 eng d |
| 035 ## - SYSTEM CONTROL NUMBER | |
| System control number | (Sirsi) u2948 |
| 041 ## - LANGUAGE CODE | |
| Language code of text/sound track or separate title | eng |
| 100 ## - MAIN ENTRY--PERSONAL NAME | |
| Personal name | Peart, J.D. |
| 245 ## - TITLE STATEMENT | |
| Title | Opencast coal guidelines |
| 260 ## - PUBLICATION, DISTRIBUTION, ETC. | |
| Date of publication, distribution, etc. | 1986 |
| 350 ## - PRICE (NR) (BK AM CF MU VM SE) [OBSOLETE] | |
| Price | 0 |
| 490 ## - SERIES STATEMENT | |
| Series statement | Town Planning Review |
| Volume/sequential designation | 57 (3) July 1986,285-302 (18) |
| 520 ## - SUMMARY, ETC. | |
| Summary, etc. | On 1 March 1984 new administrative procedures and policies governing control of opencast coal mining were introduced by DOE Circular 3/84 Opencast Coal Mining. This article examines their interpretation by considering two significant planning appeals decided against the applicants: Land at Lightmoor Colliery Spoil Tip and Middleridge Enclosure, Near Cinderford,Gloucs in the Forest of Dean (APP/T1600/A/83/008420); and Land at Barcus Close,Near Burnopfield,County Durham (T/APP/Y1300/A/8410480/P5), both were decided in October 1984. |
| 650 ## - SUBJECT ADDED ENTRY--TOPICAL TERM | |
| Topical term or geographic name entry element | COAL MINING |
| 650 ## - SUBJECT ADDED ENTRY--TOPICAL TERM | |
| Topical term or geographic name entry element | ENVIRONMENTAL IMPACT |
| 650 ## - SUBJECT ADDED ENTRY--TOPICAL TERM | |
| Topical term or geographic name entry element | FLOWERS COMMISSION |
| 650 ## - SUBJECT ADDED ENTRY--TOPICAL TERM | |
| Topical term or geographic name entry element | MINERALS |
| 650 ## - SUBJECT ADDED ENTRY--TOPICAL TERM | |
| Topical term or geographic name entry element | NATIONAL COAL BOARD |
| 650 ## - SUBJECT ADDED ENTRY--TOPICAL TERM | |
| Topical term or geographic name entry element | PLANNING |
| 690 ## - LOCAL SUBJECT ADDED ENTRY--TOPICAL TERM (OCLC, RLIN) | |
| Topical term or geographic name as entry element | MINING AND MINERALS |
| 700 ## - ADDED ENTRY--PERSONAL NAME | |
| Personal name | Rutherford, L.A. |
| 942 ## - ADDED ENTRY ELEMENTS (KOHA) | |
| Suppress in OPAC | 0 |
| 948 ## - LOCAL PROCESSING INFORMATION (OCLC); SERIES PART DESIGNATOR (RLIN) | |
| c (OCLC) | 04/03/1997 |
| Withdrawn status | Lost status | Source of classification or shelving scheme | Damaged status | Not for loan | Home library | Current library | Shelving location | Date acquired | Total Checkouts | Full call number | Barcode | Date last seen | Copy number | Price effective from | Koha item type |
|---|---|---|---|---|---|---|---|---|---|---|---|---|---|---|---|
| Dewey Decimal Classification | London | London | Journal article | 14/09/1999 | ABS37217 | 2948-1001 | 06/08/2019 | 1 | 06/08/2019 | Journal article |